000 00918nam a22002297a 4500
008 240606b mp ||||| |||| 00| 0 mon d
020 _a978-99929-4-715-2
035 _a19079
040 _aBUL0163080
_bmon
_cMN-UlNLM
_dMN-UlNLM
_erda
041 _amon
042 _a32789
084 _2NNA
_a84 /4Ита/
_bК 60
100 _aКоллоди К.
245 0 _aПиноккио модон хүүгийн үлгэр
264 _aУлаанбаатар
_b"Хөх дэвтэр" хэвлэлийн га
_c2012
300 _a257 х.
336 _2rdacontent
_atext
_btxt
337 _2rdamedia
_aunmediated
_bn
338 _2rdacarrier
_avolume
_bnc
650 _aПиноккио хэмээх модон хүүгийн гайхалтай адал явдлын тухай.... Пиноккио, Пиноко, Пинокио, Модон хүүгийн үлгэр, Коллоди, К.Коллод...
942 _2NNA
_cBK
999 _c857171
_d857228